| 000 | 01564nam a2200241Ia 4500 | ||
|---|---|---|---|
| 003 | Ost | ||
| 005 | 20260507074939.0 | ||
| 008 | 260507s9999||||xx |||||||||||||| ||und|| | ||
| 020 | _a98799574237 | ||
| 040 | _cfsecg | ||
| 041 | _aara | ||
| 082 | _a658.456 | ||
| 100 |
_aكاظم، عبد الكريم _eمؤلف |
||
| 245 | 0 |
_aإدارة الاجتماعات والمؤتمرات : _bالعمليات التفاوضية / _c عبد الكريم كاظم |
|
| 260 |
_aعمان: _bدار الكنوز المعرفة, _c2007 |
||
| 300 |
_a232 صفحة؛ _bإيضاحات ؛ _c24 سم |
||
| 504 | _aبيبليوغرافيا ص.231 | ||
| 520 | _aيعتبر موضوع ادارة الاجتماعات(الاجتماع) من الموضوعات المهمة في تفكير كثرين من المدراء لمنظماتهم والتي تساعد على الوقوف على نقاط القوة والضعف لدى المجتمعين وهذا الكتاب تضمن 7 فصول كانت على النحو التالي ادارة الاجتماعات ، ادارة المؤتمرات ، المؤتمر الاقليمي الثاني والعشرين لافريقيا والاعداد لمؤتمر القمة العالمية للأغذية ، المؤتمرات والارهاب ، مهارات التفاوض ، أنواع التفاوض وأساليبه ، عملية التفاوض عبر الثقافات المختلفة | ||
| 653 | _aادارة الاجتماعات | ||
| 653 | _aادارة الاعمال | ||
| 653 | _aمؤتمرات | ||
| 942 | _cكتاب | ||
| 999 |
_c41917 _d41917 |
||